Statistics for Animals beginning with the letter T

Click here to take the quiz!

General Stats

  • This quiz has been taken 85 times
  • The average score is 5 of 9

Answer Stats

ClueAnimal% Correct
The largest feline in the worldTiger
90%
Thanksgiving birdTurkey
86%
Vicious marsupial exclusively found on an island in AustraliaTasmanian Devil
75%
Fable "The ________ & the Hare"Tortoise
73%
Insects that eat rotten woodTermite
61%
Bird with a beak that measures half it's body lengthToucan
39%
Larege mammal that looks similar to a pig butis actually closely related to the rhinoTapir
20%
Primate with eyes that weigh more than their brainTarsier
20%
New Zealand reptile with 3 eyesTuatara
12%

Score Distribution

Percentile by Number Answered

Percent of People with Each Score

Your Score History

You have not taken this quiz